La reforma de la Administracin̤ electrn̤ica Una oportunidad para la innovacin̤ desde el Derecho /

Bibliographic Details
Main Author: Martn̕ Delgado, Isaac
Format: eBook
Language:Spanish
Published: Madrid: Instituto Nacional de Administracin̤ Pb︢lica (INAP), 2017
Subjects:
Online Access:Acceso restringido

MARC

LEADER 00000nam a22000007a 4500
005 20180220222336.0
007 cr|||| ||||
008 180220s2017 es |||||s|||| 00||0 spa d
020 |a 978-84-7351-576-4 
035 |a 20972 
040 |a vLex 
090 |c 7384  |d 7384 
100 1 |a Martn̕ Delgado, Isaac 
245 1 2 |a La reforma de la Administracin̤ electrn̤ica  |h [Recurso electrn̤ico] :  |b Una oportunidad para la innovacin̤ desde el Derecho /  |c Isaac Martn̕ Delgado 
256 |a Servicio en ln̕ea 
260 |a Madrid:  |b Instituto Nacional de Administracin̤ Pb︢lica (INAP),  |c 2017 
300 |a 1 recurso electrn̤ico 
506 1 |a Disponible solo en los productos indicados  |d vLex Global  |d vLex Global (Academic Edition, excluding Law Schools)  |d vLex Global (U.S. Academic Edition, Law Schools)  |d vLex Global (U.S. Academic Edition, excluding Law Schools)  |d vLex Global (Academic Edition, Law Schools) 
650 0 4 |a Derecho Pb︢lico y Administrativo  |z Espaą 
740 0 |a vLex Libros (Servicio en ln̕ea) 
856 4 0 |u http://vlex.com/source/reforma-administracion-electronica-20972  |z Acceso restringido 
942 |c BOOK 
999 0 |a Public and Administrative Law